| 000 | 00684nam a2200289Ia 4500 | ||
|---|---|---|---|
| 005 | 20260324134825.0 | ||
| 008 | 008 260324s9999 xx 000 0 eng d | ||
| 020 | _a9781315071909 | ||
| 037 | _aEBOOK | ||
| 040 | _aCRL | ||
| 040 | _beng | ||
| 040 | _cCRL | ||
| 041 | _2eng | ||
| 041 | _aeng | ||
| 084 | _qCRL | ||
| 100 |
_aWorldwatch Institute _9338796 |
||
| 245 | 0 | _aVital Signs 2001-2002 | |
| 245 | 4 | _bThe Trends That Are Shaping Our Future | |
| 260 | _bTaylor and Francis | ||
| 260 | _c2001 | ||
| 365 | _a | ||
| 365 | _b120 | ||
| 856 | _uhttp://www.taylorfrancis.com/books/9781315071909 | ||
| 942 | _cEBOOK | ||
| 999 |
_c1798741 _d1798741 |
||